UK Singers - Sudden Death - Statistics

General Stats
  • This quiz has been taken 175 times
  • The average score is 5 of 19
Answers on the Grid
Answers color-coded by a green-red scale on the quiz's grid according to % correct below.
Adele
Ed Sheeran
Rod Stewart
Cliff Richard
Keith Urban
Lulu
Elton John
Daniel Bedingfield
Cilla Black
Skye Newman
Engelbert Humperdinck
Robert Palmer
David Bowie
Jools Holland
Daniel O'Donnell
Sting
Nana Mouskouri
Olivia Dean
Dusty Springfield
Don Henley
Harry Nilsson
Craig David
FR David
Helen Shapiro
Addison Rae
Marc Bolan
Enya
Art Garfunkel
Paul Young
Bonnie Tyler
 
Answer Stats
Answer % Correct
Adele
94%
Ed Sheeran
93%
Rod Stewart
64%
Elton John
43%
David Bowie
38%
Sting
26%
Lulu
21%
Bonnie Tyler
19%
Craig David
16%
Cilla Black
14%
Dusty Springfield
13%
Paul Young
13%
Robert Palmer
13%
Daniel Bedingfield
11%
Jools Holland
10%
Marc Bolan
10%
Helen Shapiro
8%
Olivia Dean
8%
Skye Newman
7%
No matching quizzes found
Score Distribution
Percent of People with Each Score
Percentile by Number Answered
Your Score History
You have not taken this quiz